Die With A Smile - Lady Gaga & Bruno Mars (all lyrics) - Statistics

General Stats
  • This quiz has been taken 1,404 times
  • The average score is 245 of 293
Answer Stats
Hint Answer % Correct
Verse I
100%
a
97%
you
97%
to
96%
and
94%
And
94%
just
94%
the
93%
Chorus If
92%
Chorus if
92%
world
92%
next
91%
was
91%
be
90%
ending
90%
wanna
90%
go
89%
where
89%
die
88%
dream
88%
smile
88%
with
88%
from
87%
up
87%
woke
87%
it
86%
over
86%
last
85%
party
85%
do
84%
follow
84%
that
84%
for
83%
me
83%
like
82%
say
82%
tomorrow
82%
don't
81%
love
81%
night
81%
goodbye
80%
had
80%
hold
80%
I'd
80%
know
80%
what
80%
it's
79%
mean
79%
while
79%
that's
78%
I'll
77%
time
77%
all
76%
nobody's
76%
on
76%
So
76%
so
76%
Pre-chorus Wherever
76%
Pre-chorus wherever
76%
promised
75%
our
72%
through
71%
means
70%
but
69%
earth
69%
every
69%
realized
69%
we
69%
since
65%
survived
63%
this
63%
Oh
62%
anymore
61%
in
59%
lost
56%
cause
53%
I'ma
52%
fighting
50%
words
49%
even
48%
Post-chorus | Verse | intro | outro ooh
47%
already
46%
only
42%
Bridge right
40%
worth
40%
scream
36%
love's
33%
war
20%
No matching quizzes found
Score Distribution
Percent of People with Each Score
Percentile by Number Answered
Your Score History
You have not taken this quiz